El Papel de la socialdemocracia en América Latina (I Parte)
Gardado en:
| Formato: | Texto |
|---|---|
| Materias: | |
| Etiquetas: |
Engadir etiqueta
Sen Etiquetas, Sexa o primeiro en etiquetar este rexistro!
|
MARC
| LEADER | 00000 a a2200000 04500 | ||
|---|---|---|---|
| 001 | 17519 | ||
| 003 | |||
| 040 | |||
| 245 | |a El Papel de la socialdemocracia en América Latina (I Parte) | ||
| 500 | |a La segunda parte de este articulo se publicó en el volumen 6, número 17 de ALAI SERVICIO INFORMATIVO, en las páginas 267-271 | ||
| 650 | |a SOCIEDAD | ||
| 650 | |a DEMOCRACIA | ||
| 650 | |a AMERICA LATINA | ||
| 773 | |g volumen 6 número 16; páginas 251-254 | ||
| 999 | |c 25424 |d 25424 | ||
| 773 | 0 | |0 42391 |9 4128 |a Agencia Latinoamericana de Información, ALAI |d Quito, Ecuador: ALAI |o 03942 |t ALAI: |x 08275564 (Servicio mensual de información y documentación) | |
